Central Library OPAC University of Rajshahi

From cell to clone : (Record no. 11668)

MARC details
000 -LEADER
fixed length control field 01183pam a2200325 i 4500
001 - CONTROL NUMBER
control field 11668
003 - CONTROL NUMBER IDENTIFIER
rucl marc code BD-RjUL
005 - DATE AND TIME OF LATEST TRANSACTION
control field 20211208235149.0
008 - FIXED-LENGTH DATA ELEMENTS--GENERAL INFORMATION
fixed length control field 140127s1979 nyua b 001 0 eng d
020 ## - INTERNATIONAL STANDARD BOOK NUMBER
International Standard Book Number 015230262X
035 ## - SYSTEM CONTROL NUMBER
System control number (BD-RjUL)11717
040 ## - CATALOGING SOURCE
Original cataloging agency DLC
Transcribing agency DLC
Modifying agency DLC
-- BD-RjUL
Language of cataloging eng
041 ## - LANGUAGE CODE
Language code of text/sound track or separate title eng
082 00 - DEWEY DECIMAL CLASSIFICATION NUMBER
Classification number 575.11
Author mark and year MAF 1979
100 1# - MAIN ENTRY--PERSONAL NAME
Personal name Margery
9 (RLIN) 36088
245 10 - TITLE STATEMENT
Title From cell to clone :
Remainder of title the story of genetic engineering /
Statement of responsibility, etc. by Margery and Howard Facklam ; illustrated with diagrs. by Paul Facklam and with photos.
250 ## - EDITION STATEMENT
Edition statement 1st ed.
260 ## - PUBLICATION, DISTRIBUTION, ETC. (IMPRINT)
Place of publication, distribution, etc. New York :
-- London ;
Name of publisher, distributor, etc. Harcourt Brace Jovanovich,
Date of publication, distribution, etc. c1979.
300 ## - PHYSICAL DESCRIPTION
Pagination 128 p. :
Illustrations ill. ;
Size 23 cm.
504 ## - BIBLIOGRAPHY, ETC. NOTE
Bibliography, etc Bibliography: p. 123-124.
520 ## - SUMMARY, ETC.
Summary, etc. Discusses genetic engineering, particularly the history and techniques of cloning, and includes material on recombinant DNA research and test-tube babies.
650 #0 - SUBJECT ADDED ENTRY--TOPICAL TERM
Topical term or geographic name as entry element Genetic engineering
General subdivision History.
9 (RLIN) 36089
Topical term or geographic name as entry element Cloning
General subdivision History.
9 (RLIN) 36090
Topical term or geographic name as entry element Genetic engineering.
9 (RLIN) 36091
Topical term or geographic name as entry element Cloning.
9 (RLIN) 36092
700 1# - ADDED ENTRY--PERSONAL NAME
Personal name Facklam, Howard,
Relator term joint author.
942 ## - ADDED ENTRY ELEMENTS (KOHA)
Source of classification or shelving scheme Dewey Decimal Classification
Koha item type Books
Holdings
Lost status Source of classification or shelving scheme Damaged status Not for loan Collection code Permanent Location Current Location Shelving location Date acquired Source of acquisition Cost, normal purchase price Total Checkouts Full call number Date last seen Copy number Koha item type
  Dewey Decimal Classification   Not For Loan Non-fiction Central Library, University of Rajshahi Central Library, University of Rajshahi Reading Room 18/06/1988 Mallick Brothers Dhaka 12.83   575.11 MAF 1979 27/01/2014 C-1 Books